000 01695cam a2200445 a 4500
001 20862
003 VRT
005 20260206105955.0
008 240318s1995 xo era 000 f slo
015 _aSNBA1996/0902510
020 _a8071182729
035 _aSNK000162770
035 _aurn:nbn:sk:snk-amkf7x
035 _aurn:nbn:sk:snk-am003t4b
035 _aFEEFA1CC-C455-4A86-B781-D4A5D2BB9006
039 9 _a202406021216
_bcsnk01
_c202403181732
_dVLOAD
_c202402261943
_dVLOAD
_c201602151057
_dAUTHORITY
040 _aSNK
_bslo
_cSNK
_eAACR2
041 1 _aslo
_heng
044 _axo
_cSK
080 _a820-3
_21981
100 1 _aChristie, Agatha,
_d1890-1976
_4aut
240 1 0 _aAnd Then Were None
_lSlovensky
245 1 0 _aDesať malých černoškov
_cAgatha Christie ; z anglického originálu And Then Were None ... preložila Katarína Jusková
260 _aBratislava
_bIkar
_c1996
300 _a157 s.
_c21 cm
490 1 _aKnižnica klasickej detektívky
655 7 _aanglické romány
_2SNKPH
655 7 _adetektívne romány
_2SNKPH
700 1 _aJusková, Katarína,
_d1947-
_4trl
830 0 _aKnižnica klasickej detektívky
911 _aKN 1996/09
_b02510
942 _2ddc
_cKLDO
_n0
949 _6273K0231524
_asvkpoA 167915
_bsvkpo417111
_rPoškodená väzba
949 _6270001000048513
_asvkbbA 91126
_bsvkbbm 602284
_p602.284
949 _9P60, <09>, [BOOK], {629}
_asnkC 1267
_bsnk2387/960724
949 _617A0007111
_9P60, <03>, [BOOK], {603}
_asnkSC 90881
_bsnkKSP 5790/96
_s6100:20140925
949 _617A0007110
_9P60, <04>, [BOOK], {604}
_asnkSC 90881 D1
_bsnkKSP 5791/96
999 _c20862
_d20862